000 00273nam a2200109Ia 4500
008 190914s9999||||xx |||||||||||||| ||und||
100 _aRichard Robinson
245 4 _aThe New Rich in Asia Mobile Phones
260 _aNew York
_bAddison
_c1999
300 _a1104
942 _cBK
999 _c8936
_d8936